000 00467nam a22001577a 4500
003 OSt
008 260512b |||||||| |||| 00| 0 eng d
020 _a9781800624238
082 _a338.1068
_bN97F
100 _aNuthall, Peter L.
245 _aFarm Business Management: the strategic farmer
260 _aWallingford
_b:CABI
_c;2023.
300 _axiv, 284 p.
650 _aEconomics | Social sciences | Farm Management | Farm Business Management
942 _2ddc
_cBK
999 _c50560
_d50560